Music Quiz

Random Music or Album Quiz

Billboard #1 Albums (1980s) Quiz Stats

Quiz Updated Sep 14, 2015

Challenge
Share
Tweet
Embed
Score 0/95 Timer 12:00
0 Plays Today
Notable Song Album and Artist % Correct
'Billie Jean'Thriller - Michael Jackson
96.8%
'Smooth Criminal'Bad - Michael Jackson
96.5%
'Material Girl'Like a Virgin - Madonna
94.1%
'Papa Don't Preach'True Blue - Madonna
94%
'Express Yourself'Like a Prayer - Madonna
94%
'Another One Bites the Dust'The Game - Queen
92.6%
'Nasty'Control - Janet Jackson
92.2%
'Miss You Much'Janet Jackson's Rhythm Nation 1814 - Janet Jackson
92.2%
'Every Breath You Take'Synchronicity - The Police
91.7%
'Batdance' (Soundtrack)Batman - Prince
90.5%
'When Doves Cry' (Soundtrack)Purple Rain - Prince and the Revolution
90.4%
'Raspberry Beret'Around the World in a Day - Prince and the Revolution
90.2%
'Livin' on a Prayer'Slippery When Wet - Bon Jovi
90.1%
'Bad Medicine'New Jersey - Bon Jovi
89.9%
'Sweet Child O' Mine'Appetite for Destruction - Guns N' Roses
89.1%
'You May Be Right'Glass Houses - Billy Joel
87.8%
'We Didn't Start the Fire'Storm Front - Billy Joel
87.7%
'Wake Me Up Before You Go-Go'Make It Big - Wham!
87%
'I Wanna Dance with Somebody (Who Loves Me)'Whitney - Whitney Houston
86.9%
'Dancing in the Dark'Born in the U.S.A. - Bruce Springsteen
86.6%
'Hungry Heart'The River - Bruce Springsteen
86.4%
'Brilliant Disguise'Tunnel of Love - Bruce Springsteen
86.3%
'Thunder Road' (Live Album)Live/1975-85 - Bruce Springsteen and the E Street Band
86.3%
'With or Without You'The Joshua Tree - U2
86%
'Angel of Harlem'Rattle and Hum - U2
85.8%
'Don't Stop Believin''Escape - Journey
85.6%
'Summer of '69'Reckless - Bryan Adams
84.6%
'Start Me Up'Tattoo You - The Rolling Stones
83.8%
'She's So Cold'Emotional Rescue - The Rolling Stones
83.6%
'How Will I Know'Whitney Houston - Whitney Houston
83.2%
'Sussudio'No Jacket Required - Phil Collins
82.9%
'Night Fever' (Greatest Hits)Bee Gees Greatest - Bee Gees
82.7%
Notable Song Album and Artist % Correct
'Hip to Be Square'Fore! - Huey Lewis and the News
81.9%
'Comfortably Numb'The Wall - Pink Floyd
81.3%
'All Night Long (All Night)'Can't Slow Down - Lionel Richie
81.2%
'Say You, Say Me'Dancing on the Ceiling - Lionel Richie
81.2%
'(You Gotta) Fight for Your Right (To Party!)'Licensed to Ill - Beastie Boys
80.9%
'I Want Your Sex'Faith - George Michael
80%
'Money for Nothing'Brothers in Arms - Dire Straits
79.7%
'Jack & Diane'American Fool - John Cougar
79.2%
'Ebony and Ivory'Tug of War - Paul McCartney
78.4%
'The Gambler' (Greatest Hits)Kenny Rogers' Greatest Hits - Kenny Rogers
76.3%
'Pour Some Sugar on Me'Hysteria - Def Leppard
76.2%
'Everybody Wants to Rule the World'Songs from the Big Chair - Tears for Fears
74.4%
'I Want a New Drug'Sports - Huey Lewis and the News
73%
'Straight Up'Forever Your Girl - Paula Abdul
71.2%
'Fast Car'Tracy Chapman - Tracy Chapman
70.5%
'(I've Had) The Time of My Life' (Soundtrack)Dirty Dancing - Various Artists
69.7%
'My Prerogative'Don't Be Cruel - Bobby Brown
69.3%
'La Bamba' (Soundtrack)La Bamba - Los Lobos and Various Artists
68%
'I Think We're Alone Now'Tiffany - Tiffany
66.8%
'Centerfold'Freeze Frame - J. Geils Band
66.8%
'Bette Davis Eyes'Mistaken Identity - Kim Carnes
65.8%
'Cum on Feel the Noize'Metal Health - Quiet Riot
65.7%
'Danger Zone' (Soundtrack)Top Gun: Original Motion Picture Soundtrack - Various Artists
64.9%
'Our Lips Are Sealed'Beauty and the Beat - The Go-Go's
64.7%
'Juke Box Hero'4 - Foreigner
63.9%
'We Are the World' (Compilation Album)We Are the World - USA for Africa
59.9%
'These Dreams'Heart - Heart
58.2%
'Maniac' (Soundtrack)Flashdance: Original Soundtrack from the Motion Picture - Various Artists
58%
'Who Can It Be Now?'Business as Usual - Men at Work
57.1%
'(Just Like) Starting Over'Double Fantasy - John Lennon & Yoko Ono
56.5%
'She Drives Me Crazy'The Raw & The Cooked - Fine Young Cannibals
56.2%
'Take It on the Run'Hi Infidelity - REO Speedwagon
56%
Notable Song Album and Artist % Correct
'Why Can't This Be Love'5150 - Van Halen
55.1%
'Gypsy'Mirage - Fleetwood Mac
55.1%
'When It's Love'OU812 - Van Halen
55%
'Love to Love You Baby' (Greatest Hits)On the Radio: Greatest Hits Volumes I & II - Donna Summer
54.9%
'Funky Cold Medina'Lōc-ed After Dark - Tone Lōc
54.6%
'Blame It on the Rain'Girl You Know It's True - Milli Vanilli
54.2%
'Broken Wings'Welcome to the Real World - Mr. Mister
54.1%
'You Got It (The Right Stuff)'Hangin' Tough - New Kids on the Block
53.9%
'Edge of Seventeen'Bella Donna - Stevie Nicks
53.5%
'Heat of the Moment'Asia - Asia
53%
'Amanda'Third Stage - Boston
52.5%
'Axel F' (Soundtrack)Beverly Hills Cop - Various Artists
52.3%
'Let's Hear It for the Boy' (Soundtrack)Footloose - Various Artists
49.8%
'The Sweetest Taboo'Promise - Sade
48.7%
'Right Here Waiting'Repeat Offender - Richard Marx
48.3%
'Smuggler's Blues' (TV Soundtrack)Miami Vice - Various Artists
45.6%
'Too Much Time on My Hands'Paradise Theatre - Styx
44.7%
'Kickstart My Heart'Dr. Feelgood - Mötley Crüe
43%
'Lost in Your Eyes'Electric Youth - Debbie Gibson
39.3%
'The Old Man Down the Road'Centerfield - John Fogerty
38.7%
'Fire Lake'Against the Wind - Bob Seger & The Silver Bullet Band
31.9%
'What Kind of Fool'Guilty - Barbra Streisand
28.6%
'Send in the Clowns'The Broadway Album - Barbra Streisand
28.5%
'Fire and Ice'Precious Time - Pat Benatar
27.5%
'Let's Get It Up'For Those About to Rock We Salute You - AC/DC
25.2%
'On My Own'Winner in You - Patti LaBelle
22.6%
'Don't You Know What the Night Can Do?'Roll with It - Steve Winwood
17.9%
'Gemini Dream'Long Distance Voyager - The Moody Blues
16.1%
'Jerusalem' (Soundtrack)Chariots of Fire - Vangelis
14.4%
'That Girl Could Sing'Hold Out - Jackson Browne
13.9%
'Just Because'Giving You the Best That I Got - Anita Baker
7.8%

You're not logged in!

Compare scores with friends on all Sporcle quizzes.
Join for Free
OR
Log In

You Might Also Like...

Show Comments

Extras

Top Quizzes Today


Score Distribution

Your Account Isn't Verified!

In order to create a playlist on Sporcle, you need to verify the email address you used during registration. Go to your Sporcle Settings to finish the process.

Report this User

Report this user for behavior that violates our Community Guidelines.

Details: